[Event "Novosibirsk April op"]
[Site "Novosibirsk"]
[Date "2008.04.05"]
[Round "1"]
[White "Korobkin, Maxim"]
[Black "Akishin, Oleg"]
[Result "1-0"]
[WhiteElo "2357"]
[BlackElo "1996"]
[PlyCount "73"]
[EventDate "2008.04.05"]
[EventType "swiss"]
[EventRounds "9"]
[EventCountry "RUS"]
[SourceTitle "EXT 2010"]
[Source "ChessBase"]
[SourceDate "2010.11.25"]
[SourceVersion "1"]
[SourceVersionDate "2010.11.25"]
[SourceQuality "1"]

1. d4 Nf6 2. Nf3 e6 3. c4 Bb4+ 4. Nbd2 b6 5. a3 Be7 6. e3 Bb7 7. Bd3 d5 8. b3 Nbd7 9. 0-0 0-0 10. Bb2 Rc8 11. Qe2 Re8 12. Rfd1 Ne4 13. b4 Ndf6 14. c5 c6 15. Nb3 Rc7 16. Qc2 h6 17. Ne5 Ng5 18. Rac1 Ngh7 19. Nxf7 Kxf7 20. Bxh7 Nxh7 21. Qxh7 Bf6 22. Nd2 Ba6 23. Re1 Rh8 24. Qc2 g5 25. e4 Bg7 26. Re3 g4 27. Rce1 Bc8 28. Nf1 h5 29. Ng3 Qg5 30. f4 gxf3 31. Rxf3+ Kg8 32. exd5 cxd5 33. Ne2 h4 34. Nf4 bxc5 35. Nxe6 Bxe6 36. Rxe6 Re7 37. Rg6 1-0

[Event "Novosibirsk-ch Seniors"]
[Site "Novosibirsk"]
[Date "2008.02.03"]
[Round "1"]
[White "Akishin, Oleg"]
[Black "Popova, Adelanda"]
[Result "1-0"]
[WhiteElo "1996"]
[BlackElo "1667"]
[PlyCount "101"]
[EventDate "2008.02.03"]
[EventType "swiss"]
[EventRounds "9"]
[EventCountry "RUS"]
[SourceTitle "EXT 2010"]
[Source "ChessBase"]
[SourceDate "2010.11.25"]
[SourceVersion "1"]
[SourceVersionDate "2010.11.25"]
[SourceQuality "1"]

1. e4 c5 2. c3 Nc6 3. d4 e6 4. d5 exd5 5. exd5 Nb8 6. c4 d6 7. Nc3 Bf5 8. Bd3 Qd7 9. Nge2 Be7 10. 0-0 Nf6 11. Ng3 Bxd3 12. Qxd3 0-0 13. Nf5 Bd8 14. Nb5 Ne8 15. Bf4 Bc7 16. Nxc7 Qxc7 17. Qg3 f6 18. Rfe1 Qf7 19. Nxd6 Nxd6 20. Bxd6 Re8 21. Rxe8+ Qxe8 22. Bxc5 Nd7 23. Bd4 Qe4 24. Qe3 Qxe3 25. Bxe3 b6 26. Kf1 Kf7 27. b4 Rc8 28. Rc1 Ne5 29. c5 Nd3 30. Rb1 b5 31. Rb3 Ne5 32. Ra3 Ra8 33. Ra6 Nc4 34. c6 Nxe3+ 35. fxe3 Ke7 36. c7 Kd7 37. Rc6 Rc8 38. Ke2 Rxc7 39. Rxc7+ Kxc7 40. Kd3 Kd6 41. Kd4 f5 42. e4 fxe4 43. Kxe4 g6 44. h4 a6 45. g4 h6 46. Kd4 g5 47. h5 Ke7 48. Ke5 Kd7 49. d6 Ke8 50. Ke6 Kd8 51. d7 1-0

[Event "SibFR-ch Seniors"]
[Site "Novosibirsk"]
[Date "2007.10.16"]
[Round "8"]
[White "Chesnokov, Gennady"]
[Black "Akishin, Oleg"]
[Result "0-1"]
[WhiteElo "2005"]
[BlackElo "2008"]
[PlyCount "82"]
[EventDate "2007.10.09"]
[EventType "swiss"]
[EventRounds "9"]
[EventCountry "RUS"]
[SourceTitle "EXT 2022"]
[Source "ChessBase"]
[SourceDate "2021.10.06"]
[SourceVersion "1"]
[SourceVersionDate "2021.10.06"]
[SourceQuality "1"]

1. c4 Nf6 2. Nc3 e6 3. Nf3 b6 4. e4 Bb7 5. d3 Bb4 6. Bd2 0-0 7. a3 Be7 8. Be2 d5 9. exd5 exd5 10. cxd5 Nxd5 11. Ne4 Nd7 12. 0-0 h6 13. Re1 Nc5 14. Qc2 Ne6 15. Bf1 c5 16. Rad1 Qc7 17. Bc1 Rac8 18. Qb3 Rfd8 19. Be2 Ndf4 20. Bf1 Bd5 21. Qc3 f5 22. Ned2 Bf6 23. Qc2 Qb7 24. g3 Bxf3 25. Nxf3 Qxf3 26. Bxf4 Nxf4 27. Qc4+ Kh7 28. Qxf4 Qxf4 29. gxf4 Bxb2 30. Rb1 Bf6 31. Kg2 Rd4 32. Kg3 Rcd8 33. f3 Ra4 34. Rb3 Rdd4 35. Re6 Rxf4 36. Re4 fxe4 37. Kxf4 exd3+ 38. Ke3 Bg5+ 39. Kf2 d2 40. Bd3+ g6 41. Bc2 Rd4 0-1

[Event "Novosibirsk-ch Seniors op"]
[Site "Novosibirsk"]
[Date "2007.09.29"]
[Round "6"]
[White "Akishin, Oleg"]
[Black "Romanov, Viktor"]
[Result "1/2-1/2"]
[WhiteElo "2025"]
[BlackElo "2081"]
[PlyCount "122"]
[EventDate "2007.09.24"]
[EventType "swiss"]
[EventRounds "9"]
[EventCountry "RUS"]
[SourceTitle "EXT 2022"]
[Source "ChessBase"]
[SourceDate "2021.10.06"]
[SourceVersion "1"]
[SourceVersionDate "2021.10.06"]
[SourceQuality "1"]

1. e4 b6 2. d4 e6 3. Bd3 Bb7 4. Ne2 Be7 5. 0-0 d6 6. Ng3 Nf6 7. e5 dxe5 8. dxe5 Nfd7 9. f4 Bc5+ 10. Kh1 Qh4 11. Nd2 Nc6 12. Nf3 Qe7 13. c3 a5 14. Ne4 0-0-0 15. Qe2 f5 16. exf6 gxf6 17. Nxc5 Nxc5 18. Bc4 Rhe8 19. Be3 e5 20. f5 Kb8 21. Rad1 Rxd1 22. Rxd1 Rd8 23. Rxd8+ Nxd8 24. Nd2 Qd6 25. Bxc5 Qxc5 26. Bd3 Nf7 27. Ne4 Bxe4 28. Bxe4 Nd6 29. Bc2 Qd5 30. b3 e4 31. g4 e3+ 32. Kg1 Qe5 33. c4 Qa1+ 34. Kg2 Qxa2 35. Kf3 Qb2 36. Kxe3 Qe5+ 37. Kf3 Qxe2+ 38. Kxe2 Kc8 39. Ke3 Kd7 40. Kf4 h6 41. h4 Ke7 42. g5 fxg5+ 43. hxg5 hxg5+ 44. Kxg5 Nf7+ 45. Kg6 Ne5+ 46. Kg7 Nd7 47. Be4 Nf6 48. Bd5 Ne8+ 49. Kg6 Nf6 50. Bc6 Ng4 51. Kg5 Ne5 52. f6+ Kf8 53. Be4 Nd7 54. Kg6 Nc5 55. Bc2 c6 56. f7 b5 57. cxb5 cxb5 58. Kf6 Na6 59. Ke6 Nb4 60. Bd1 Nd3 61. Kd5 Kxf7 1/2-1/2

[Event "Novosibirsk-ch Seniors op"]
[Site "Novosibirsk"]
[Date "2007.09.27"]
[Round "4"]
[White "Akishin, Oleg"]
[Black "Konjkov, Victor"]
[Result "1-0"]
[WhiteElo "2025"]
[BlackElo "2037"]
[PlyCount "81"]
[EventDate "2007.09.24"]
[EventType "swiss"]
[EventRounds "9"]
[EventCountry "RUS"]
[SourceTitle "EXT 2022"]
[Source "ChessBase"]
[SourceDate "2021.10.06"]
[SourceVersion "1"]
[SourceVersionDate "2021.10.06"]
[SourceQuality "1"]

1. e4 e5 2. Nf3 Nc6 3. Bc4 Bc5 4. 0-0 d6 5. c3 Bg4 6. d3 Nf6 7. Qb3 0-0 8. Qxb7 Na5 9. Qa6 Nxc4 10. Qxc4 Be6 11. Qa4 Nh5 12. Bg5 f6 13. Be3 Bb6 14. Qd1 Qe8 15. Nbd2 f5 16. Nh4 fxe4 17. Nxe4 Nf4 18. Bxb6 axb6 19. g3 Qe7 20. f3 Nh3+ 21. Kh1 Rf7 22. c4 Raf8 23. Qd2 g5 24. Ng2 h6 25. Qe2 Qe8 26. Ne3 Qd8 27. Ng4 Kg7 28. Kg2 h5 29. Kxh3 hxg4+ 30. fxg4 Kg6 31. Rxf7 Rxf7 32. Kg2 Qh8 33. h3 Rh7 34. Rh1 d5 35. cxd5 Bxd5 36. Qe3 Qd8 37. Rf1 Rf7 38. Rxf7 Kxf7 39. Qf2+ Kg7 40. h4 Bxe4+ 41. dxe4 1-0

[Event "Novosibirsk Sibiria op-C"]
[Site "Novosibirsk"]
[Date "2007.07.29"]
[Round "9"]
[White "Akishin, Oleg"]
[Black "Popov, Vyacheslav"]
[Result "1/2-1/2"]
[WhiteElo "2025"]
[BlackElo "1897"]
[PlyCount "73"]
[EventDate "2007.07.21"]
[EventType "swiss"]
[EventRounds "9"]
[EventCountry "RUS"]
[SourceTitle "EXT 2008"]
[Source "ChessBase"]
[SourceDate "2007.11.25"]
[SourceVersion "1"]
[SourceVersionDate "2007.11.25"]
[SourceQuality "1"]

1. e4 e6 2. d4 d5 3. exd5 exd5 4. Bd3 Nf6 5. Ne2 Bd6 6. c3 Nc6 7. Bg5 0-0 8. Nd2 Re8 9. Qc2 h6 10. Bh4 Bg4 11. f3 Bd7 12. 0-0-0 Rb8 13. g4 b5 14. Bg3 b4 15. Bxd6 cxd6 16. h4 bxc3 17. bxc3 Bxg4 18. fxg4 Nxg4 19. Rdg1 Ne3 20. Qa4 Na5 21. Rh3 Nac4 22. Nxc4 dxc4 23. Bxc4 Nxc4 24. Qxc4 Qb6 25. Kd1 Qb2 26. Rhg3 g5 27. hxg5 Rxe2 28. gxh6+ Kh8 29. Rg8+ Rxg8 30. Rxg8+ Kxg8 31. Qxe2 Qb1+ 32. Kd2 Qxa2+ 33. Ke1 Qb1+ 34. Kf2 Qf5+ 35. Qf3 Qc2+ 36. Qe2 Qf5+ 37. Qf3 1/2-1/2

[Event "Novosibirsk Sibiria op-C"]
[Site "Novosibirsk"]
[Date "2007.07.22"]
[Round "2"]
[White "Akishin, Oleg"]
[Black "Zubarev, Alexsander M"]
[Result "1-0"]
[WhiteElo "2025"]
[BlackElo "1948"]
[PlyCount "131"]
[EventDate "2007.07.21"]
[EventType "swiss"]
[EventRounds "9"]
[EventCountry "RUS"]
[SourceTitle "EXT 2008"]
[Source "ChessBase"]
[SourceDate "2007.11.25"]
[SourceVersion "1"]
[SourceVersionDate "2007.11.25"]
[SourceQuality "1"]

1. e4 c5 2. c3 d5 3. exd5 Qxd5 4. d4 Nc6 5. dxc5 Qxd1+ 6. Kxd1 e5 7. Be3 Nf6 8. b4 Nd5 9. Bc4 Nxe3+ 10. fxe3 a5 11. Bb5 Bd7 12. Bxc6 Bxc6 13. Nf3 Ba4+ 14. Ke2 f6 15. Nbd2 Rd8 16. Nb3 Bb5+ 17. Kf2 b6 18. a4 Bc4 19. Nfd2 Bxb3 20. Nxb3 bxc5 21. b5 Ra8 22. c4 Be7 23. Rad1 Kf7 24. Rd7 Rhc8 25. Rhd1 Ke6 26. Rb7 h5 27. Rdd7 Bf8 28. Ke2 e4 29. Rdc7 Bd6 30. Rxc8 Rxc8 31. Ra7 Bxh2 32. Nxa5 Rd8 33. Nb3 Kf5 34. Nxc5 Rc8 35. Nb3 Rxc4 36. Nd4+ Kg6 37. a5 Bg1 38. Kd2 Bf2 39. b6 Rb4 40. Nc2 Rb3 41. b7 f5 42. Ra6+ Kg5 43. Rb6 Rd3+ 44. Ke2 Bg3 45. a6 Bb8 46. Nd4 Ra3 47. Nc6 Ra2+ 48. Kd1 Bc7 49. b8Q Bxb8 50. Nxb8 f4 51. exf4+ Kxf4 52. Nc6 Ke3 53. a7 Kf2 54. Rb2+ Rxb2 55. a8Q e3 56. Qa7 Rd2+ 57. Kc1 Re2 58. Ne5 Re1+ 59. Kc2 Re2+ 60. Kc3 Kf1 61. Nc4 Kxg2 62. Qxg7+ Kf1 63. Kd3 Rh2 64. Nxe3+ Kf2 65. Qf6+ Kg3 66. Nf1+ 1-0

[Event "Novosibirsk CC-ch"]
[Site "Novosibirsk"]
[Date "2007.01.19"]
[Round "5"]
[White "Akishin, Oleg"]
[Black "Yakovenko, Alexander"]
[Result "0-1"]
[WhiteElo "2002"]
[BlackElo "1898"]
[PlyCount "67"]
[EventDate "2007.01.14"]
[EventType "swiss"]
[EventRounds "11"]
[EventCountry "RUS"]
[SourceTitle "EXT 2010"]
[Source "ChessBase"]
[SourceDate "2010.11.25"]
[SourceVersion "1"]
[SourceVersionDate "2010.11.25"]
[SourceQuality "1"]

1. e4 c5 2. Nf3 e6 3. d4 cxd4 4. Nxd4 a6 5. Be2 Nf6 6. Nd2 Qc7 7. Bd3 b6 8. c3 Bb7 9. 0-0 d6 10. Re1 Nbd7 11. Nf1 Nc5 12. f3 Nxd3 13. Qxd3 Be7 14. Be3 0-0 15. Bf2 Rac8 16. Qe3 Nd7 17. f4 Nf6 18. Qd3 Rfd8 19. Nd2 Ng4 20. Bg3 Nf6 21. Qe2 Qc5 22. Bf2 Qh5 23. Qxh5 Nxh5 24. g3 Nf6 25. h3 Nd7 26. N4b3 a5 27. e5 a4 28. Nd4 Nc5 29. Re3 Ba6 30. f5 Bg5 31. fxe6 Nxe6 32. Nxe6 fxe6 33. Nf3 Bxe3 34. Bxe3 0-1

[Event "Novosibirsk CC-ch"]
[Site "Novosibirsk"]
[Date "2007.01.16"]
[Round "2"]
[White "Toropov, Viktor"]
[Black "Akishin, Oleg"]
[Result "1-0"]
[WhiteElo "2149"]
[BlackElo "2002"]
[PlyCount "32"]
[EventDate "2007.01.14"]
[EventType "swiss"]
[EventRounds "11"]
[EventCountry "RUS"]
[SourceTitle "EXT 2010"]
[Source "ChessBase"]
[SourceDate "2010.11.25"]
[SourceVersion "1"]
[SourceVersionDate "2010.11.25"]
[SourceQuality "1"]

1. d4 Nf6 2. c4 e6 3. Nc3 Bb4 4. Bg5 h6 5. Bh4 b6 6. e3 Bb7 7. Nf3 d6 8. Qa4+ Nc6 9. d5 Bxc3+ 10. bxc3 g5 11. dxc6 Bc8 12. Bg3 Ne4 13. Bd3 Nc5 14. Qc2 h5 15. h4 f6 16. Bg6+ Ke7 1-0